000 00605nam a2200241Ia 4500
003 OSt
005 20221007081400.0
006 a|||||r|||| 00| 0
007 ta
008 221006b |||||||| |||| 00| 0 eng d
020 _a9781137339041
024 _a44,951
037 _cTextual
040 _aFLL
_cFLL
_beng
041 _2eng
_aeng
082 _aV53, Q5
100 _aBERGIN Joseph
_9295886
245 0 _aHistory of France
260 _aNew York
_bPalgrave USA
_c2015
300 _axii,308p.
_ccm.
942 _hV53, Q5
_cTEXL
_2CC
999 _c1162869
_d1162869